00606nam a22001697a 450000500170000001000150001702000270003203500140005903700130007308200110008624501110009726000340020827001010024230000270034350000400037070000260041020190214111310.0 aENG-124777 a9789386463005c1195.00 aEN-108309 bDBAD/PUB a230.35 aThe gospel of sri Ramakrishna and its relevance/cedited by Projit kumar Palit [and] Swami Kamalasthananda aNew DelhibKaveri Booksc2017 a4832/24, Ansari Road, DaryaganjbNew Delhie110002k011-23288740, 23245799mkaveribooks@vsnl.com axviii, 285p.c24cm(Hb) aincludes bibliographical references aKamalasthananda Swami